Central Asian geography groups - Statistics

General Stats
  • This quiz has been taken 78 times
  • The average score is 22 of 26
Answer Stats
Hint Answer % Correct
Russia
97%
Official languages Kyrgyz
96%
Countries Tajikistan
96%
Official languages Turkmen
96%
Countries Turkmenistan
96%
Asia
94%
China
94%
Europe
94%
Countries Kazakhstan
94%
Countries Kyrgyzstan
94%
Official languages Tajik
94%
Official languages Uzbek
94%
Bordering countries Afghanistan
93%
Official languages Kazakh
93%
Countries Uzbekistan
91%
Iran
90%
Mongol Empire
88%
Capital cities Bishkek
79%
Capital cities Tashkent
78%
Capital cities Nur-Sultan
76%
Official languages Russian
76%
Russian Empire
76%
Capital cities Ashgabat
72%
Official languages Persian
71%
Capital cities Dushanbe
68%
Qing Dynasty
9%
No matching quizzes found
Score Distribution
Percent of People with Each Score
Percentile by Number Answered
Your Score History
You have not taken this quiz